000 01552cam a22003734a 4500
999 _c330972
_d330972
001 14380215
003 NUST
005 20180117090029.0
008 060517s2008 maua b 001 0 eng
010 _a 2006048120
020 _a0072880937 (softcover : alk. paper)
020 _a9780072880939 (softcover : alk. paper)
020 _a9780072880939
035 _a(OCoLC)ocm70129224
035 _a(OCoLC)70129224
040 _aDLC
_cDLC
_dBAKER
_dC#P
_dBTCTA
_dYDX
_dDLC
042 _apcc
050 0 0 _aLB1140.2
_b.R495 2008
082 0 0 _a372.21
_222
100 1 _aReynolds, Eleanor.
_94243
245 1 0 _aGuiding young children :
_ba problem-solving approach /
_cEleanor Reynolds.
250 _a4th ed.
260 _aBoston [Mass.] :
_bMcGraw-Hill,
_cc2008.
300 _a1 v. (various pagings) :
_bill. ;
_c24 cm.
504 _aIncludes bibliographical references and index.
650 0 _aEducation, Preschool.
_94244
650 0 _aProblem solving in children.
_94245
856 4 2 _3Publisher description
_uhttp://www.loc.gov/catdir/enhancements/fy0659/2006048120-d.html
856 4 1 _3Table of contents
_uhttp://www.loc.gov/catdir/enhancements/fy0659/2006048120-t.html
906 _a7
_bcbc
_corignew
_d1
_eocip
_f20
_gy-gencatlg
942 _2ddc
_cBK